Welcome to the Holygrace Academy Library

Please use search bar below to get started

GRASS (Record no. 9066)

MARC details
000 -LEADER
fixed length control field 00271nam a22001337a 4500
082 ## - DEWEY DECIMAL CLASSIFICATION NUMBER
Classification number 823
Item number DAS/G
100 ## - MAIN ENTRY--AUTHOR NAME
Personal name DSA, SHYAMALA
245 ## - TITLE STATEMENT
Title GRASS
246 ## - VARYING FORM OF TITLE
Title proper/short title GRASS
Remainder of title GRASS
260 ## - PUBLICATION, DISTRIBUTION, ETC. (IMPRINT)
Place of publication NEWDELHI
Name of publisher ORIENT LONGMAN
300 ## - PHYSICAL DESCRIPTION
Number of Pages 2
650 ## - SUBJECT ADDED ENTRY--TOPICAL TERM
Topical Term ENGLISH LEAFLET
942 ## - ADDED ENTRY ELEMENTS (KOHA)
Koha item type Books
Holdings
Withdrawn status Lost status Collection code Home library Current library Shelving location Date acquired Source of acquisition Full call number Accession Number Koha item type
    Fiction Main Library Main Library SHELF 15A- T SECTIO NOVELS& FICTION & LEAFLET BOOKS 16/09/2006 PURCHASED 823 DAS/G 02918 Books